000 04002nam a22004935a 4500
005 2009062008228.0
008 090427s2008 ii b 000 0 eng c
010 _aENG-94139
020 _a9788170005476
_c650.00
020 _a8170005477
_c650.00
035 _aEN-77672
035 _aB-359540-551
037 _bDBAD / PUB
037 _bEss Ess Publications
040 _adpl
_bEnglish
082 _a025.00285
100 _aDabas, K. C.
245 _aIT applications for TQM and library marketing /
_cby K.C. Dabas
260 _aNew Dehli
_bEss Ess Publications
_c2008
270 _a4837/24, Ansari Road, Daryaganj
_bNew Delhi
_e110002
300 _axv, 243 p.
_c23cm(Hb)
500 _aIncludes bibliographical references.
650 _aLibraries
_xTechnological innovations.
650 _aLibraries
_zIndia
_xAutomation.
650 _aTotal quality management
_zIndia.
650 _aLibrary science
_xInformation technology
_zIndia.
650 _aLibraries and the Internet.
650 _aLibraries
_xInformation technology.
942 _2ddc
_cEN
_mDAB
_h025.00285
999 _c27668
_d27668